Países por concesionarios Lamborghini - Estadísticas

Estadísticas generales
  • Esta prueba ha sido intentada 11 veces
  • La puntuación promedio es 12 de 19
Estadísticas de respuestas
Country % Correcto
Estados Unidos
100%
Alemania
89%
Australia
89%
Canadá
89%
Francia
89%
Italia
89%
China
78%
Mónaco
78%
Reino Unido
78%
Catar
67%
Suiza
67%
Baréin
56%
Japón
56%
Luxemburgo
56%
Kuwait
44%
Nueva Zelanda
33%
Estonia
0%
Georgia
0%
Letonia
0%
No se encontraron pruebas coincidentes
Distribución de puntuación
Porcentaje de gente con cada puntuación
Porcentaje por número respondido
Historial de tus puntuaciones
No has intentado esta prueba.